| 000 | 00527nam a2200169Ia 4500 | ||
|---|---|---|---|
| 008 | 090123s9999 xx 000 0 und d | ||
| 082 |
_b27974 _a891.463/मराठे |
||
| 100 | _aमराठे सुधा | ||
| 245 | _aपरिवर्तन | ||
| 250 | _a1 | ||
| 260 |
_bलोकसाहित्य प्रकाशन _c1997 |
||
| 600 | _aमराठे सुधा | ||
| 630 | _aपरिवर्तन | ||
| 700 | _aमराठे सुधा | ||
| 730 | _aपरिवर्तन | ||
| 942 | _cBOOK | ||
| 999 |
_c66370 _d66370 |
||